<The> Impact of selected factors on death of enterprises
Kvantifikovanie vplyvu vybraných faktorov na zánik podnikov na Slovensku a ich porovnanie za roky 2013 a 2008. Analýza bola vykonaná na údajoch z databázy Demografia podnikov 2013 a 2008 pomocou štatistického systému SAS Enterprise Guide 5.1. Modelovanie zániku podnikov s použitím logistickej regres...
Salvato in:
| Autore principale: | |
|---|---|
| Natura: | Capitolo di libro |
| Lingua: | inglese |
| Soggetti: | |
| Tags: |
Nessun Tag, puoi essere il primo ad aggiungerne!!
|
MARC
| LEADER | 00000naa$a2200000$$$4500 | ||
|---|---|---|---|
| 001 | 0227510 | ||
| 005 | 20240612105621.6 | ||
| 041 | 0 | |a eng | |
| 044 | |a SK | ||
| 245 | 1 | 0 | |a <The> Impact of selected factors on death of enterprises |c Mária Vojtková |
| 520 | |a Kvantifikovanie vplyvu vybraných faktorov na zánik podnikov na Slovensku a ich porovnanie za roky 2013 a 2008. Analýza bola vykonaná na údajoch z databázy Demografia podnikov 2013 a 2008 pomocou štatistického systému SAS Enterprise Guide 5.1. Modelovanie zániku podnikov s použitím logistickej regresie. | ||
| 610 | 2 | 0 | |a demografia ekonomická |
| 610 | 2 | 0 | |a podnik |
| 610 | 2 | 0 | |a štatistika demografická |
| 610 | 2 | 0 | |a zrušenie podniku |
| 610 | 2 | 0 | |a analýza regresná |
| 610 | 2 | 0 | |a analýza komparatívna |
| 610 | 2 | 0 | |a Slovensko |
| 100 | 1 | |a Vojtková, Mária, 1966- | |